Welcome to CU Library Online Public Access Catalogue (OPAC)

Pharmacotherapeutics Clinical Decision-Making in Nursing/ (Record no. 4250)

MARC details
000 -LEADER
fixed length control field 00462nam a22001457a 4500
005 - DATE AND TIME OF LATEST TRANSACTION
control field 20250223210145.0
008 - FIXED-LENGTH DATA ELEMENTS--GENERAL INFORMATION
fixed length control field 250223b |||||||| |||| 00| 0 eng d
020 ## - INTERNATIONAL STANDARD BOOK NUMBER
International Standard Book Number 9780721654058
050 ## - LIBRARY OF CONGRESS CALL NUMBER
Classification number RM262
Item number .G88
100 ## - MAIN ENTRY--PERSONAL NAME
Personal name Gutierrez, Kathleen
245 ## - TITLE STATEMENT
Title Pharmacotherapeutics Clinical Decision-Making in Nursing/
Statement of responsibility, etc. Kathleen Gutierrez
260 ## - PUBLICATION, DISTRIBUTION, ETC.
Place of publication, distribution, etc. Philadelphia
Name of publisher, distributor, etc. W. B. Saunders Company
Date of publication, distribution, etc. 1999
300 ## - PHYSICAL DESCRIPTION
Extent xxxvi. 1449p.
Other physical details ill. some color
Dimensions 28cm
942 ## - ADDED ENTRY ELEMENTS (KOHA)
Source of classification or shelving scheme Library of Congress Classification
Koha item type Books
Suppress in OPAC No
999 ## -
-- 4250
-- 4250
Holdings
Withdrawn status Lost status Source of classification or shelving scheme Damaged status Not for loan Collection Home library Current library Shelving location Date acquired Total checkouts Full call number Barcode Date last seen Copy number Price effective from Koha item type
    Library of Congress Classification     Non-fiction Science Library (Miotso) Science Library (Miotso) General stacks 02/23/2025   RM262 .G88 GUT SLM00003980 02/23/2025 1 02/23/2025 Books
© 2023-2024 Copyright: Central University Libraries. All Rights Reserved | Created by: Mahone Tech Office